[Event "BL 1920 SV Hockenheim - SF Berlin"]
[Site "?"]
[Date "2021.10.15"]
[Round "12.4"]
[White "Braun, Arik"]
[Black "Moroni, Luca Jr"]
[Result "1/2-1/2"]
[WhiteElo "2589"]
[BlackElo "2575"]
[PlyCount "107"]
[EventDate "2021.??.??"]

1. c4 e6 2. Nc3 d5 3. d4 Be7 4. Nf3 Nf6 5. Bg5 h6 6. Bh4 O-O 7. e3 b6 8. cxd5
Nxd5 9. Bxe7 Qxe7 10. Nxd5 exd5 11. Rc1 Be6 12. Qb3 Rc8 13. Be2 c5 14. Qa3 Kf8
15. dxc5 bxc5 16. O-O a5 17. Bb5 Bd7 18. Bxd7 Nxd7 19. Rc2 a4 20. Qd3 Nf6 21.
Rfc1 c4 22. Qd1 Rcb8 23. Nd4 Qd7 24. Ne2 Ra6 25. Nc3 Rab6 26. Qe2 Ne4 27. Nxe4
dxe4 28. Qxc4 Rxb2 29. Qxe4 Rxc2 30. Qxc2 Kg8 31. g3 a3 32. Rb1 Rxb1+ 33. Qxb1
Qd5 34. Qc2 Qb7 35. Qc4 h5 36. e4 g6 37. Kg2 Qb2 38. Kf3 Kg7 39. h3 Qd2 40. h4
Kg8 41. Qd5 Qc3+ 42. Ke2 Qc2+ 43. Ke3 Qc3+ 44. Ke2 Qc2+ 45. Kf1 Qc1+ 46. Kg2
Qb2 47. e5 Kg7 48. e6 fxe6 49. Qxe6 Qb7+ 50. Kh2 Qb2 51. Kg2 Qb7+ 52. Kh2 Qb2
53. Qe7+ Kg8 54. Qe8+ 1/2-1/2

[Event "BL 1920 SV Hockenheim - SF Berlin"]
[Site "?"]
[Date "2021.10.15"]
[Round "12.5"]
[White "Gumularz, Szymon"]
[Black "Wagner, Dennis"]
[Result "1-0"]
[WhiteElo "2534"]
[BlackElo "2576"]
[PlyCount "119"]
[EventDate "2021.??.??"]

1. c4 c5 2. Nf3 Nf6 3. Nc3 e6 4. g3 b6 5. Bg2 Bb7 6. O-O Be7 7. d4 cxd4 8. Qxd4
d6 9. Rd1 a6 10. Bg5 Nbd7 11. Qd2 O-O 12. Bf4 Ne8 13. Rac1 Rc8 14. b3 h6 15. h3
Nc5 16. Ne1 Bxg2 17. Nxg2 g5 18. Be3 f5 19. Bd4 Nf6 20. Qe3 Kf7 21. f3 Ncd7 22.
Qd3 Ne5 23. Qe3 Ned7 24. Qd3 Ne5 25. Qb1 Nc6 26. Bf2 h5 27. e4 f4 28. gxf4 gxf4
29. Nxf4 e5 30. Nfd5 Qd7 31. Kh2 Nh7 32. h4 Bg5 33. Rg1 Bxc1 34. Qxc1 Qe6 35.
Ne2 Rg8 36. Ng3 b5 37. Nf5 Rxg1 38. Qxg1 Rg8 39. Qc1 Rc8 40. Qa3 Rd8 41. Qxa6
Nd4 42. Bxd4 exd4 43. Qa7+ Rd7 44. Qxd4 Nf6 45. Nxf6 Qxf6 46. Qd5+ Qe6 47. Qxb5
Qe5+ 48. Kg2 Qxb5 49. cxb5 d5 50. b6 Ke6 51. a4 dxe4 52. fxe4 Rd2+ 53. Kf3 Kd7
54. Ke3 Rb2 55. Nd4 Rg2 56. e5 Rg4 57. a5 Rg6 58. Ke4 Kc8 59. e6 Rg8 60. a6 1-0

[Event "BL 1920 SV Hockenheim - SF Berlin"]
[Site "?"]
[Date "2021.10.15"]
[Round "12.6"]
[White "Baramidze, David"]
[Black "Baldauf, Marco"]
[Result "1/2-1/2"]
[WhiteElo "2601"]
[BlackElo "2511"]
[PlyCount "57"]
[EventDate "2021.??.??"]

1. e4 c6 2. Nc3 d5 3. Nf3 Bg4 4. h3 Bh5 5. exd5 cxd5 6. g4 Bg6 7. Ne5 Nc6 8.
Bb5 Rc8 9. d4 e6 10. h4 f6 11. Bxc6+ bxc6 12. Nxg6 hxg6 13. Qd3 g5 14. h5 Bd6
15. Bd2 Nh6 16. Qg6+ Kf8 17. Rg1 Qe8 18. Qd3 c5 19. dxc5 Bxc5 20. Rg2 Nf7 21.
O-O-O Ne5 22. Qe2 Bb4 23. Kb1 Qc6 24. Be1 Kf7 25. Rg3 Qc4 26. b3 Qc5 27. Na4
Qe7 28. Nb2 Bd6 29. Rc3 1/2-1/2

[Event "BL 1920 SV Hockenheim - SF Berlin"]
[Site "?"]
[Date "2021.10.15"]
[Round "12.7"]
[White "Perske, Thore"]
[Black "Banusz, Tamas"]
[Result "1/2-1/2"]
[WhiteElo "2445"]
[BlackElo "2610"]
[PlyCount "88"]
[EventDate "2021.??.??"]

1. e4 e5 2. Nf3 Nc6 3. Bb5 g6 4. c3 Bg7 5. d4 exd4 6. cxd4 a6 7. Ba4 b5 8. Bb3
Nge7 9. O-O O-O 10. d5 Na5 11. Bd2 c5 12. Bc3 d6 13. Re1 f6 14. a3 Nxb3 15.
Qxb3 Bd7 16. Nbd2 a5 17. Nf1 Nc8 18. Qc2 Nb6 19. b3 Qe7 20. Ne3 Rfc8 21. Qb1
Re8 22. Nd2 f5 23. Bxg7 Qxg7 24. Qd3 f4 25. Nc2 g5 26. Rac1 Rac8 27. f3 Qe5 28.
h3 Rc7 29. Nd4 b4 30. axb4 axb4 31. Nc6 Bxc6 32. dxc6 Rxc6 33. Qb5 Rec8 34.
Red1 d5 35. exd5 Nxd5 36. Nc4 Qe6 37. Re1 Ne3 38. Rcd1 R6c7 39. Rd6 Qe8 40. Qb6
Re7 41. Nxe3 Rxe3 42. Red1 Re1+ 43. Kh2 Rxd1 44. Rxd1 Qe7 1/2-1/2

[Event "BL 1920 SV Hockenheim - SF Berlin"]
[Site "?"]
[Date "2021.10.15"]
[Round "12.8"]
[White "Moiseenko, Alexander"]
[Black "Schmidek, Emil"]
[Result "1-0"]
[WhiteElo "2622"]
[BlackElo "2385"]
[PlyCount "59"]
[EventDate "2021.??.??"]

1. d4 d5 2. c4 e6 3. Nf3 Nf6 4. Nc3 a6 5. c5 b6 6. cxb6 c5 7. Bf4 Bd6 8. Bxd6
Qxd6 9. dxc5 Qxc5 10. Qd4 Qxd4 11. Nxd4 e5 12. Nb3 Nbd7 13. Na4 Rb8 14. Rc1 O-O
15. Na5 Re8 16. Nc6 Rb7 17. Na7 Nxb6 18. Nxb6 Be6 19. Nac8 Rb8 20. Nd6 Red8 21.
Rc6 e4 22. e3 Ng4 23. Bxa6 Ne5 24. Rc8 Bxc8 25. Ndxc8 Rxb6 26. Nxb6 Rd6 27.
Nxd5 Rxd5 28. a4 Rc5 29. Kd2 Ng4 30. Rc1 1-0

[Event "BL 1920 SG Speyer-Schwegenheim - USV TU"]
[Site "?"]
[Date "2021.10.15"]
[Round "12.1"]
[White "Nisipeanu, Liviu-Dieter"]
[Black "Oleksiyenko, Mykhaylo"]
[Result "1/2-1/2"]
[WhiteElo "2644"]
[BlackElo "2586"]
[PlyCount "94"]
[EventDate "2021.??.??"]

1. d4 d5 2. Nf3 Nf6 3. Bf4 e6 4. e3 Bd6 5. Nbd2 O-O 6. Ne5 c5 7. c3 Qc7 8. Bd3
Nfd7 9. O-O Bxe5 10. dxe5 Nc6 11. Nf3 h6 12. e4 dxe4 13. Bxe4 Ncxe5 14. Nxe5
Nxe5 15. Qe2 f6 16. Bc2 g5 17. Bg3 Qg7 18. Bxe5 fxe5 19. Rfe1 Bd7 20. Qxe5 Qxe5
21. Rxe5 b6 22. Bb3 Rad8 23. Rae1 Rf6 24. Rd1 Kf7 25. h4 gxh4 26. Ba4 Ke7 27.
Rxd7+ Rxd7 28. Bxd7 Kxd7 29. Rh5 Kd6 30. Rxh4 b5 31. a4 a6 32. Kf1 Kd5 33. Ke2
e5 34. b3 Rf4 35. Rxh6 bxa4 36. c4+ Kd4 37. bxa4 a5 38. Ra6 Re4+ 39. Kd2 Rf4
40. f3 Rh4 41. Ke2 e4 42. fxe4 Rxe4+ 43. Kf3 Re8 44. g4 Rf8+ 45. Kg3 Kxc4 46.
Rxa5 Rc8 47. g5 Kd5 1/2-1/2

[Event "BL 1920 SG Speyer-Schwegenheim - USV TU"]
[Site "?"]
[Date "2021.10.15"]
[Round "12.2"]
[White "Neiksans, Arturs"]
[Black "Gajewski, Grzegorz"]
[Result "1/2-1/2"]
[WhiteElo "2570"]
[BlackElo "2608"]
[PlyCount "53"]
[EventDate "2021.??.??"]

1. e4 c5 2. Nf3 d6 3. Bb5+ Nd7 4. O-O a6 5. Bd3 Ngf6 6. Re1 g6 7. c3 Bg7 8. Bc2
O-O 9. d4 e5 10. a4 exd4 11. cxd4 cxd4 12. Nxd4 Re8 13. Nc3 d5 14. exd5 Rxe1+
15. Qxe1 Nb6 16. Bf4 Nbxd5 17. Nxd5 Qxd5 18. Rd1 Bg4 19. f3 Re8 20. Qf2 Qc5 21.
Nb3 Qxf2+ 22. Kxf2 Be6 23. Nd4 Bc4 24. Bb3 Nd5 25. Bxc4 Nxf4 26. Ne2 Nxe2 27.
Bxe2 1/2-1/2

[Event "BL 1920 SG Speyer-Schwegenheim - USV TU"]
[Site "?"]
[Date "2021.10.15"]
[Round "12.3"]
[White "Bartel, Mateusz"]
[Black "Meshkovs, Nikita"]
[Result "1-0"]
[WhiteElo "2597"]
[BlackElo "2550"]
[PlyCount "101"]
[EventDate "2021.??.??"]

1. e4 c5 2. Nf3 e6 3. d4 cxd4 4. Nxd4 Nc6 5. Nc3 Qc7 6. f4 a6 7. Be3 b5 8. Bd3
Bb7 9. Qf3 Nf6 10. O-O-O Nxd4 11. Bxd4 Bc5 12. Be5 d6 13. Bxf6 gxf6 14. f5 e5
15. Kb1 h5 16. h4 Ke7 17. Ne2 Rag8 18. Ng3 Rg4 19. Nxh5 Rhg8 20. g3 Bb6 21. Rh2
Qc6 22. Re2 b4 23. Ree1 Bc5 24. Qe2 Qc8 25. Qd2 Rh8 26. Be2 Rxe4 27. Nxf6 Qxf5
28. Nxe4 Bxe4 29. g4 Qf2 30. h5 Qh4 31. g5 a5 32. Rg1 Bf5 33. g6 fxg6 34. hxg6
Qf6 35. g7 Rg8 36. Rgf1 Qg6 37. Qd5 Rxg7 38. Qb7+ Bd7 39. Bb5 Qe8 40. Qf3 Rg6
41. Bxd7 Kxd7 42. Qb7+ Ke6 43. Qd5+ Ke7 44. Rde1 Rg5 45. Rf3 Qg8 46. Qb7+ Ke6
47. Ref1 Rg6 48. a4 Qe8 49. Rf8 Qe7 50. Qc8+ Kd5 51. Qa8+ 1-0

[Event "BL 1920 SG Speyer-Schwegenheim - USV TU"]
[Site "?"]
[Date "2021.10.15"]
[Round "12.4"]
[White "Pavlidis, Antonios"]
[Black "Vogel, Roven"]
[Result "1-0"]
[WhiteElo "2531"]
[BlackElo "2453"]
[PlyCount "95"]
[EventDate "2021.??.??"]

1. e4 c6 2. d4 d5 3. e5 Bf5 4. Nd2 e6 5. Nb3 Nd7 6. Nf3 h6 7. Be2 Ne7 8. O-O
Bh7 9. a4 a6 10. a5 c5 11. Nxc5 Nxc5 12. dxc5 Nc6 13. Be3 Nxa5 14. b4 Nc6 15.
b5 axb5 16. Bxb5 Be7 17. Nd4 O-O 18. Bxc6 bxc6 19. Nxc6 Qc7 20. Nxe7+ Qxe7 21.
Qd2 Qd7 22. Qc3 d4 23. Qxd4 Qxd4 24. Bxd4 Rxa1 25. Rxa1 Bxc2 26. Rc1 Be4 27. c6
Rc8 28. c7 Kf8 29. f3 Bd5 30. Bc5+ Ke8 31. Bd6 Kd7 32. Rb1 f5 33. h4 g6 34. Kf2
Bc6 35. Ke3 Bd5 36. g4 fxg4 37. fxg4 h5 38. Rg1 Bb3 39. Kf4 Bc4 40. Rg2 Bb3 41.
Rd2 Bd5 42. Rb2 Rh8 43. Kg3 Rc8 44. Rf2 Bb3 45. Rf7+ Kc6 46. Rf6 Bc2 47. Rxe6
hxg4 48. Rf6 1-0

[Event "BL 1920 SG Speyer-Schwegenheim - USV TU"]
[Site "?"]
[Date "2021.10.15"]
[Round "12.5"]
[White "Maiwald, Jens-Uwe"]
[Black "Kantans, Toms"]
[Result "1-0"]
[WhiteElo "2437"]
[BlackElo "2494"]
[PlyCount "67"]
[EventDate "2021.??.??"]

1. d4 Nf6 2. Nf3 g6 3. Bg5 Bg7 4. Nbd2 h6 5. Bh4 O-O 6. c3 d6 7. e4 Nh5 8. Bc4
Nd7 9. g4 Nf4 10. Bg3 e5 11. Bxf4 exf4 12. h3 c5 13. dxc5 Nxc5 14. Qc2 Bd7 15.
O-O-O Rc8 16. Rhe1 Na4 17. e5 b5 18. Bxf7+ Rxf7 19. Ne4 Qe7 20. Nxd6 Rff8 21.
Nxc8 Rxc8 22. Rd6 Be8 23. Nd4 Kh7 24. Nf5 Qf7 25. e6 Qc7 26. Rd7 Bxd7 27. exd7
Qxd7 28. Re7 Qc6 29. Nxg7 Rc7 30. Qe2 Qb7 31. Rxc7 Qxc7 32. Ne6 Qd6 33. Qe4 a6
34. Qb7+ 1-0

[Event "BL 1920 SG Speyer-Schwegenheim - USV TU"]
[Site "?"]
[Date "2021.10.15"]
[Round "12.6"]
[White "Nemeth, Miklos"]
[Black "Hoffmann, Paul"]
[Result "1/2-1/2"]
[WhiteElo "2468"]
[BlackElo "2385"]
[PlyCount "59"]
[EventDate "2021.??.??"]

1. e4 c5 2. Nf3 d6 3. d4 cxd4 4. Qxd4 Nc6 5. Bb5 Bd7 6. Bxc6 Bxc6 7. Nc3 Nf6 8.
Bg5 e6 9. O-O-O Be7 10. Qd3 Qa5 11. h4 h6 12. Bd2 Ng4 13. Be1 Ne5 14. Nxe5 Qxe5
15. f3 O-O 16. g4 Rfd8 17. Rh3 Qc5 18. f4 d5 19. e5 d4 20. Bf2 Qa5 21. Bxd4 b5
22. Qe3 b4 23. Nb1 Qxa2 24. f5 Rac8 25. Rd2 Qc4 26. b3 Qf1+ 27. Rd1 Qg2 28. Rd2
Qf1+ 29. Rd1 Qg2 30. Rd2 1/2-1/2

[Event "BL 1920 SG Speyer-Schwegenheim - USV TU"]
[Site "?"]
[Date "2021.10.15"]
[Round "12.7"]
[White "Loxine, Jakov"]
[Black "Kovacs, Gabor"]
[Result "1/2-1/2"]
[WhiteElo "2394"]
[BlackElo "2455"]
[PlyCount "59"]
[EventDate "2021.??.??"]

1. Nf3 Nf6 2. c4 e6 3. b3 b6 4. g3 Bb7 5. Bg2 Be7 6. O-O O-O 7. Bb2 c5 8. Nc3
d5 9. e3 Nbd7 10. Qe2 Rc8 11. d3 Qc7 12. e4 d4 13. Nd1 e5 14. Nh4 g6 15. Bh3
Nh5 16. Ng2 Ng7 17. f4 f5 18. Nf2 Bd6 19. Bc1 Rce8 20. Qc2 Qc6 21. Bd2 Nf6 22.
Rae1 fxe4 23. dxe4 Nfh5 24. fxe5 Bxe5 25. Ng4 Nf6 26. Nxf6+ Rxf6 27. Nf4 Qd6
28. Nd5 Rxf1+ 29. Rxf1 Rf8 30. Qd3 1/2-1/2

[Event "BL 1920 SG Speyer-Schwegenheim - USV TU"]
[Site "?"]
[Date "2021.10.15"]
[Round "12.8"]
[White "Bodrozic, Tomislav"]
[Black "Richter, Philipp"]
[Result "1/2-1/2"]
[WhiteElo "2358"]
[BlackElo "2227"]
[PlyCount "110"]
[EventDate "2021.??.??"]

1. e4 e6 2. d4 d5 3. Nd2 c5 4. Ngf3 cxd4 5. Nxd4 Nf6 6. exd5 Nxd5 7. N2f3 Be7
8. Be2 O-O 9. O-O a6 10. c4 Nf6 11. Bf4 Qb6 12. Qb3 Qxb3 13. Nxb3 b6 14. Rfd1
Nbd7 15. Ne5 Nxe5 16. Bxe5 Bb7 17. Bd6 Rfe8 18. Bxe7 Rxe7 19. Rd6 b5 20. cxb5
axb5 21. Bxb5 Ne4 22. Rdd1 Bd5 23. Nd4 Rea7 24. Bc6 Rd8 25. Bxd5 Rxd5 26. f3
Nf6 27. Nc6 Rc7 28. Nb4 Rxd1+ 29. Rxd1 Kf8 30. Kf2 Ke7 31. Ke2 Nd7 32. Rd2 Ne5
33. Rc2 Rb7 34. Nd3 Nd7 35. b3 Kd6 36. Kd2 e5 37. Rc4 f5 38. Kc3 Nb6 39. Nxe5
Kxe5 40. Rc5+ Nd5+ 41. Kd3 f4 42. g3 g5 43. gxf4+ gxf4 44. h4 Rb6 45. h5 Rb7
46. h6 Rb6 47. Kc4 Rb4+ 48. Kd3 Rd4+ 49. Kc2 Kd6 50. Ra5 Kc6 51. a4 Ne3+ 52.
Kc3 Rd1 53. Ra7 Nd5+ 54. Kc2 Ne3+ 55. Kc3 Nd5+ 1/2-1/2

[Event "BL 1920 SV Werder Bremen - Hamburger SK"]
[Site "?"]
[Date "2021.10.15"]
[Round "12.2"]
[White "Areshchenko, Alexander"]
[Black "Miton, Kamil"]
[Result "1/2-1/2"]
[WhiteElo "2690"]
[BlackElo "2579"]
[PlyCount "91"]
[EventDate "2021.??.??"]

1. e4 c5 2. Nf3 g6 3. c4 Nc6 4. d4 cxd4 5. Nxd4 Nf6 6. Nc3 Nxd4 7. Qxd4 d6 8.
Be3 Bg7 9. f3 O-O 10. Qd2 Be6 11. Rc1 Qa5 12. Be2 Rfc8 13. b3 a6 14. Na4 Qxd2+
15. Kxd2 Nd7 16. g4 Rcb8 17. Nc3 b5 18. Nd5 Bxd5 19. cxd5 Nc5 20. b4 Na4 21.
Rc7 a5 22. bxa5 Rxa5 23. Rhc1 Nc5 24. Rc2 Rba8 25. Rxe7 Rxa2 26. Bxb5 Nb3+ 27.
Kd3 Rxc2 28. Kxc2 Nd4+ 29. Bxd4 Bxd4 30. f4 Bf6 31. Rd7 Rd8 32. Rc7 g5 33. fxg5
Bxg5 34. Bd7 Bf6 35. Kd3 Rb8 36. Kc4 Kf8 37. Bf5 h6 38. Rd7 Rb6 39. h3 Ke8 40.
Ra7 Rb8 41. Bd7+ Kf8 42. Bb5 Rc8+ 43. Bc6 Rb8 44. Rd7 Be5 45. h4 Rb1 46. Rd8+
1/2-1/2

[Event "BL 1920 SV Werder Bremen - Hamburger SK"]
[Site "?"]
[Date "2021.10.15"]
[Round "12.3"]
[White "Kempinski, Robert"]
[Black "Efimenko, Zahar"]
[Result "1/2-1/2"]
[WhiteElo "2565"]
[BlackElo "2601"]
[PlyCount "40"]
[EventDate "2021.??.??"]

1. c4 g6 2. Nc3 Bg7 3. d4 Nf6 4. Nf3 O-O 5. Bg5 d6 6. e3 c5 7. d5 h6 8. Bh4 g5
9. Bg3 Nh5 10. Bd3 f5 11. Nd2 Nxg3 12. hxg3 Na6 13. f4 e6 14. Nf3 Nb4 15. Be2
exd5 16. cxd5 Bd7 17. a3 Na6 18. Qd2 Qe7 19. Kf2 Rae8 20. Rae1 Nc7 1/2-1/2

[Event "BL 1920 SV Werder Bremen - Hamburger SK"]
[Site "?"]
[Date "2021.10.15"]
[Round "12.4"]
[White "Edouard, Romain"]
[Black "Heinemann, Thies"]
[Result "1-0"]
[WhiteElo "2593"]
[BlackElo "2502"]
[PlyCount "81"]
[EventDate "2021.??.??"]

1. e4 c5 2. Nf3 d6 3. Bb5+ Bd7 4. Bxd7+ Qxd7 5. O-O Nf6 6. Qe2 g6 7. c3 Bg7 8.
d4 cxd4 9. cxd4 O-O 10. Nc3 Nc6 11. Rd1 Rfc8 12. h3 Ne8 13. Bf4 Nc7 14. Rac1
Ne6 15. Be3 Nf8 16. d5 Ne5 17. Nxe5 Bxe5 18. Bh6 a6 19. f4 Bh8 20. e5 Rc7 21.
Re1 Rac8 22. Rcd1 Qd8 23. e6 fxe6 24. dxe6 Bxc3 25. bxc3 Rc5 26. Qe3 Qa5 27.
Rxd6 Qxc3 28. Rb6 Qxe3+ 29. Rxe3 R5c6 30. Rxb7 Re8 31. f5 gxf5 32. Rg3+ Ng6 33.
h4 Rc4 34. h5 Rh4 35. Rg5 f4 36. Ra7 Rc8 37. Rxe7 f3 38. Rg7+ Kh8 39. Rf7 f2+
40. Kxf2 Rc2+ 41. Kg3 1-0

[Event "BL 1920 SV Werder Bremen - Hamburger SK"]
[Site "?"]
[Date "2021.10.15"]
[Round "12.5"]
[White "Rogozenco, Dorian"]
[Black "Markgraf, Alexander"]
[Result "1/2-1/2"]
[WhiteElo "2466"]
[BlackElo "2482"]
[PlyCount "58"]
[EventDate "2021.??.??"]

1. d4 f5 2. g3 Nf6 3. Bg2 g6 4. c4 Bg7 5. Nc3 d6 6. Nf3 O-O 7. O-O c6 8. b3 Na6
9. Bb2 Qe8 10. d5 Bd7 11. Re1 Rb8 12. Rb1 Nc7 13. e4 fxe4 14. Ng5 cxd5 15. cxd5
Bg4 16. Qd2 Bh6 17. Ncxe4 Qd7 18. f4 Bf5 19. Ne6 Bxe4 20. Nxf8 Qf5 21. Bxe4
Nxe4 22. Qd3 Nxg3 23. Qc3 Nh5 24. Qh8+ Kf7 25. Qxh7+ Bg7 26. Bxg7 Qg4+ 27. Kh1
Qf3+ 28. Kg1 Qg4+ 29. Kh1 Qf3+ 1/2-1/2

[Event "BL 1920 SV Werder Bremen - Hamburger SK"]
[Site "?"]
[Date "2021.10.15"]
[Round "12.6"]
[White "Meins, Gerlef"]
[Black "Kramer, Julian"]
[Result "1/2-1/2"]
[WhiteElo "2424"]
[BlackElo "2408"]
[PlyCount "79"]
[EventDate "2021.??.??"]

1. Nf3 Nf6 2. c4 g6 3. Nc3 d5 4. cxd5 Nxd5 5. Qb3 Nb6 6. d4 Bg7 7. Bf4 Be6 8.
Qa3 Nc6 9. e3 O-O 10. Bb5 a5 11. Bxc6 bxc6 12. O-O Nc4 13. Qc5 Nxb2 14. Qxc6
Nd3 15. Bg3 Nb4 16. Qc5 c6 17. Rfd1 Bg4 18. Rac1 Rc8 19. a3 Nd5 20. Nxd5 Qxd5
21. Qxd5 cxd5 22. Bc7 a4 23. Rc5 Rfe8 24. Rdc1 Bxf3 25. gxf3 Bf8 26. Rc6 e6 27.
Bd6 Rxc6 28. Rxc6 Bxd6 29. Rxd6 Rc8 30. Ra6 Rc4 31. h4 Kg7 32. Kg2 Kf6 33. Ra7
h5 34. Kg3 Kg7 35. Kf4 Kf6 36. Ra6 Rc2 37. Kg3 Rc4 38. Kf4 Kg7 39. Kg3 Kf6 40.
Kf4 1/2-1/2

[Event "BL 1920 SV Werder Bremen - Hamburger SK"]
[Site "?"]
[Date "2021.10.15"]
[Round "12.7"]
[White "Meissner, Felix"]
[Black "Grigorian, Spartak"]
[Result "1/2-1/2"]
[WhiteElo "2372"]
[BlackElo "2470"]
[PlyCount "60"]
[EventDate "2021.??.??"]

1. e4 c5 2. Nf3 d6 3. Bb5+ Nd7 4. O-O a6 5. Bxd7+ Bxd7 6. d4 cxd4 7. Qxd4 Rc8
8. Nc3 e5 9. Qd3 h6 10. a4 Nf6 11. Re1 Be7 12. Be3 Qc7 13. a5 O-O 14. Bb6 Qc4
15. Nd2 Qxd3 16. cxd3 Be6 17. Nf1 Bd8 18. Bxd8 Rfxd8 19. Ne3 Rc6 20. g3 g5 21.
Ra4 b5 22. Rb4 d5 23. exd5 Nxd5 24. Nexd5 Bxd5 25. Rxe5 Be6 26. d4 Rcd6 27. d5
Bxd5 28. Nxd5 Rxd5 29. Rxd5 Rxd5 30. Re4 b4 1/2-1/2

[Event "BL 1920 SV Werder Bremen - Hamburger SK"]
[Site "?"]
[Date "2021.10.15"]
[Round "12.8"]
[White "Colbow, Collin"]
[Black "Bracker, Frank"]
[Result "1/2-1/2"]
[WhiteElo "2329"]
[BlackElo "2378"]
[PlyCount "95"]
[EventDate "2021.??.??"]

1. e4 e5 2. Nf3 Nc6 3. Bb5 a6 4. Ba4 Nf6 5. O-O Be7 6. d3 d6 7. c3 O-O 8. Re1
Re8 9. Nbd2 b5 10. Bc2 Nb8 11. Nf1 Nbd7 12. d4 Bf8 13. Ng3 g6 14. d5 Bb7 15.
Bd2 c6 16. dxc6 Bxc6 17. a4 Qc7 18. h4 Qb7 19. axb5 axb5 20. Rxa8 Qxa8 21. h5
d5 22. hxg6 hxg6 23. exd5 Bxd5 24. Bb3 e4 25. Nd4 Nc5 26. Bxd5 Qxd5 27. Nge2
Bd6 28. Nc1 b4 29. cxb4 Qxd4 30. Bc3 Qxd1 31. Rxd1 Nb7 32. Bxf6 Bxb4 33. Nb3 e3
34. fxe3 Rxe3 35. Nd4 Bc5 36. Kh1 Re8 37. Nf3 Nd6 38. Bd4 Ne4 39. Bxc5 Nxc5 40.
b4 Ne4 41. Rb1 Rb8 42. b5 Rb6 43. Nd4 f5 44. Ra1 Nd6 45. Kg1 Kf7 46. Kf2 Rb7
47. Rb1 Kf6 48. Ke3 1/2-1/2

[Event "BL 1920 BCA Augsburg - Schachfreunde De"]
[Site "?"]
[Date "2021.10.15"]
[Round "12.1"]
[White "Kamsky, Gata"]
[Black "Postny, Evgeny"]
[Result "1/2-1/2"]
[WhiteElo "2662"]
[BlackElo "2552"]
[PlyCount "44"]
[EventDate "2021.??.??"]

1. d4 d5 2. Nf3 Nf6 3. Bf4 Bf5 4. c4 e6 5. Nc3 Bb4 6. cxd5 Nxd5 7. Bd2 O-O 8.
Rc1 Nd7 9. e3 Nxc3 10. Bxc3 Bxc3+ 11. Rxc3 c5 12. Be2 Rc8 13. O-O Be4 14. dxc5
Rxc5 15. Rxc5 Nxc5 16. Qxd8 Rxd8 17. Rc1 Na4 18. Rc4 Bxf3 19. Bxf3 b5 20. Rc2
Nb6 21. Kf1 Rc8 22. Rxc8+ Nxc8 1/2-1/2

[Event "BL 1920 BCA Augsburg - Schachfreunde De"]
[Site "?"]
[Date "2021.10.15"]
[Round "12.2"]
[White "Papp, Gabor"]
[Black "Heimann, Andreas"]
[Result "1/2-1/2"]
[WhiteElo "2594"]
[BlackElo "2585"]
[PlyCount "103"]
[EventDate "2021.??.??"]

1. e4 e5 2. Nf3 Nc6 3. Bb5 Nf6 4. O-O Nxe4 5. Re1 Nd6 6. Nxe5 Be7 7. Bf1 Nxe5
8. Rxe5 O-O 9. d4 Bf6 10. Re1 Re8 11. c3 Rxe1 12. Qxe1 Ne8 13. d5 Qe7 14. Qd1
b6 15. g3 Bb7 16. Na3 c6 17. Bg2 cxd5 18. Nc2 Nc7 19. Bf4 Be5 20. Bxe5 Qxe5 21.
Qd2 Re8 22. Re1 Qd6 23. Ne3 Bc6 24. h4 h5 25. Rd1 Qe5 26. Qd4 Qxd4 27. Rxd4 Kf8
28. Kf1 Re5 29. Ke2 Ne6 30. Rd2 d4 31. cxd4 Rxe3+ 32. Kxe3 Bxg2 33. d5 Nc5 34.
f3 Bf1 35. b4 Na4 36. Rc2 b5 37. Rc7 Ke7 38. Rxa7 Bc4 39. Kd4 Bxa2 40. g4 hxg4
41. fxg4 Bc4 42. Ra6 Nb2 43. Ra3 Na4 44. Re3+ Kf8 45. d6 Nb6 46. Ra3 f6 47. Kc5
Nd5 48. Ra8+ Kf7 49. Rd8 Ke6 50. Re8+ Kf7 51. Rd8 Ke6 52. Re8+ 1/2-1/2

[Event "BL 1920 BCA Augsburg - Schachfreunde De"]
[Site "?"]
[Date "2021.10.15"]
[Round "12.3"]
[White "Meier, Georg"]
[Black "Nestorovic, Nikola"]
[Result "1-0"]
[WhiteElo "2628"]
[BlackElo "2467"]
[PlyCount "135"]
[EventDate "2021.??.??"]

1. Nf3 d5 2. g3 g6 3. Bg2 Bg7 4. d4 Nd7 5. O-O Ngf6 6. a4 a5 7. b3 c5 8. c4 O-O
9. Ba3 b6 10. Nc3 Bb7 11. e3 Rc8 12. Qe2 dxc4 13. bxc4 Ne4 14. Nb5 Nd6 15. Rfd1
cxd4 16. exd4 Nf6 17. Rac1 Re8 18. Ne5 Bxg2 19. Kxg2 Nxb5 20. axb5 e6 21. Qf3
Rc7 22. h3 h6 23. h4 h5 24. Nc6 Qd7 25. Rc2 Rcc8 26. Ne5 Qc7 27. Bc1 Ng4 28.
Nxg4 hxg4 29. Qxg4 Qb7+ 30. Qf3 Qe7 31. Ba3 Qd8 32. h5 gxh5 33. Qxh5 Qf6 34.
Bc1 Red8 35. Be3 Rd7 36. Qg4 Rdc7 37. d5 exd5 38. Rxd5 Qe6 39. Qxe6 fxe6 40.
Rd6 Kf7 41. Rxb6 Rxc4 42. Rxc4 Rxc4 43. Rb7+ Kg6 44. Re7 Kf6 45. Ra7 a4 46. b6
Bf8 47. Ra8 Bd6 48. Rd8 Be5 49. Kf3 a3 50. Ra8 Bd6 51. Ke2 Rb4 52. Kd3 Rb3+ 53.
Kc4 Rb4+ 54. Kc3 Rb2 55. Kc4 Rb4+ 56. Kd3 Rb3+ 57. Ke4 Rb4+ 58. Kf3 Rb3 59. Kg4
Kg6 60. Ra6 Be7 61. b7 Kf7 62. Ra7 a2 63. Bd4 Kg6 64. b8=Q Rxb8 65. Rxe7 Rb4
66. Rxe6+ Kf7 67. Ra6 Rxd4+ 68. f4 1-0

[Event "BL 1920 BCA Augsburg - Schachfreunde De"]
[Site "?"]
[Date "2021.10.15"]
[Round "12.4"]
[White "Prusikin, Michael"]
[Black "Krasenkow, Michal"]
[Result "1/2-1/2"]
[WhiteElo "2545"]
[BlackElo "2578"]
[PlyCount "39"]
[EventDate "2021.??.??"]

1. e4 c5 2. Nf3 Nc6 3. Bb5 e6 4. O-O Nge7 5. Re1 a6 6. Bf1 d5 7. exd5 Nxd5 8.
d4 Nf6 9. Be3 Be7 10. c4 cxd4 11. Nxd4 Nxd4 12. Bxd4 Bd7 13. Nc3 O-O 14. Qd3
Bc6 15. Rad1 Nd7 16. Qg3 g6 17. Qf4 Bg5 18. Qg3 Be7 19. Qf4 Bg5 20. Qg3 1/2-1/2

[Event "BL 1920 BCA Augsburg - Schachfreunde De"]
[Site "?"]
[Date "2021.10.15"]
[Round "12.5"]
[White "Bluebaum, Matthias"]
[Black "Rozentalis, Eduardas"]
[Result "1-0"]
[WhiteElo "2640"]
[BlackElo "2513"]
[PlyCount "53"]
[EventDate "2021.??.??"]

1. d4 Nf6 2. c4 e6 3. Nc3 Bb4 4. f3 d5 5. a3 Be7 6. e4 dxe4 7. fxe4 c5 8. d5
exd5 9. exd5 O-O 10. Be2 Bd6 11. Nb5 Re8 12. Nf3 Bg4 13. O-O a6 14. Nxd6 Qxd6
15. Nd4 Re4 16. Nf5 Qe5 17. Bxg4 Rxg4 18. Ra2 Nbd7 19. b3 Re8 20. Raf2 Re4 21.
Bb2 Qb8 22. h3 b5 23. Nxg7 Kxg7 24. Bxf6+ Nxf6 25. Rxf6 Qe5 26. Rxf7+ Kg8 27.
Qf3 1-0

[Event "BL 1920 BCA Augsburg - Schachfreunde De"]
[Site "?"]
[Date "2021.10.15"]
[Round "12.6"]
[White "Stankovic, Milos"]
[Black "Donchenko, Alexander"]
[Result "1/2-1/2"]
[WhiteElo "2420"]
[BlackElo "2648"]
[PlyCount "129"]
[EventDate "2021.??.??"]

1. e4 c5 2. Nf3 d6 3. d4 cxd4 4. Nxd4 Nf6 5. Nc3 a6 6. g3 e5 7. Nde2 Be7 8. Bg2
b5 9. Nd5 Nbd7 10. Nec3 Nb6 11. O-O Nfxd5 12. Nxd5 Nxd5 13. exd5 O-O 14. a4 b4
15. Bd2 Rb8 16. c3 bxc3 17. Bxc3 f5 18. Qe2 Qe8 19. Rfe1 Bd8 20. Qc4 Qf7 21. f4
e4 22. g4 fxg4 23. a5 Bf6 24. Rxe4 Bf5 25. Re2 Qa7+ 26. Kh1 Rfc8 27. Qa4 Bxc3
28. bxc3 Rxc3 29. Rae1 Rcc8 30. Be4 Qd7 31. Qd4 Rc7 32. Bxf5 Qxf5 33. Re7 Rxe7
34. Rxe7 Qb1+ 35. Kg2 Rb2+ 36. Kg3 Rb3+ 37. Kh4 Qg6 38. Re3 Rxe3 39. Qxe3 h5
40. f5 Qf6+ 41. Qg5 Qe5 42. Qxh5 Qxh2+ 43. Kxg4 Qg1+ 44. Kf4 Qd4+ 45. Kg5 Qf6+
46. Kg4 Qd4+ 47. Kg5 Qe3+ 48. Kg4 Qe4+ 49. Kg5 Qg2+ 50. Kf4 Qf2+ 51. Kg4 Qe2+
52. Kg5 Qe7+ 53. Kg4 Qe2+ 54. Kg5 Qe5 55. Qg6 Qg3+ 56. Kh5 Qf3+ 57. Kg5 Qg2+
58. Kf4 Qd2+ 59. Kg4 Qd4+ 60. Kg5 Qg1+ 61. Kf4 Qh2+ 62. Kg4 Kf8 63. Qe6 Qg1+
64. Kf4 Qf2+ 65. Ke4 1/2-1/2